| Tag |
First Indicator |
Second Indicator |
Subfields |
| LEADER |
00000cam a2200000 4500 |
| 001 |
in00000056997 |
| 005 |
20151008050930.0 |
| 008 |
750924s1953 nyua b 00000 eng |
| 010 |
|
|
|a 52008799
|
| 035 |
|
|
|a (OCoLC)01651550
|
| 035 |
|
|
|9 AAG4407AM
|
| 040 |
|
|
|a DLC
|c DZM
|d TXA
|d UtOrBLW
|
| 049 |
|
|
|a TXAM
|c [218388]
|
| 050 |
|
0 |
|a HG8830
|b .I58 1953
|
| 082 |
0 |
|
|a 331.253
|a 368.36*
|
| 092 |
|
|
|a 331.253
|b I29g
|
| 100 |
1 |
|
|a Ilse, Louise Wolters,
|d 1900-
|
| 245 |
1 |
0 |
|a Group insurance and employee retirement plans.
|
| 264 |
|
1 |
|a New York :
|b Prentice-Hall,
|c 1953.
|
| 300 |
|
|
|a x, 438 pages :
|b illustrations ;
|c 24 cm.
|
| 336 |
|
|
|a text
|b txt
|2 rdacontent
|
| 337 |
|
|
|a unmediated
|b n
|2 rdamedia
|
| 338 |
|
|
|a volume
|b nc
|2 rdacarrier
|
| 490 |
1 |
|
|a Prentice-Hall insurance series
|
| 500 |
|
|
|a Issued also as thesis, Columbia University, in mocrofilm form, under title: The history of group insurance and retirement plans in the United States.
|
| 504 |
|
|
|a Bibliography: pages 405-423.
|
| 650 |
|
0 |
|a Group insurance
|z United States.
|
| 650 |
|
0 |
|a Old age pensions
|z United States.
|
| 830 |
|
0 |
|a Prentice-Hall insurance series.
|
| 999 |
|
|
|a MARS
|
| 999 |
f |
f |
|s 1ef17e10-1b16-3927-b0e6-69b3a5463c28
|i 81feb18b-3f14-3cea-9b73-e9a5bda08710
|t 0
|
| 952 |
f |
f |
|p ric
|a Texas A&M University
|b Rellis Campus
|c Joint Library Facility
|d Remote Storage
|t 0
|e HG8830 .I58 1953
|h Library of Congress classification
|i unmediated -- volume
|m A14800718650
|
| 998 |
f |
f |
|a HG8830 .I58 1953
|t 0
|l Remote Storage
|